Adjustments of the University of Rizal System Cainta faculty members and staff in utilizing digital platforms amidst the new normal / (Record no. 80477)

MARC details
000 -LEADER
fixed length control field 02050nam a22003017a 4500
003 - CONTROL NUMBER IDENTIFIER
control field URS
005 - DATE AND TIME OF LATEST TRANSACTION
control field 20240606211124.0
008 - FIXED-LENGTH DATA ELEMENTS--GENERAL INFORMATION
fixed length control field 240521b |||||||| |||| 00| 0 eng d
050 ## - LIBRARY OF CONGRESS CALL NUMBER
Classification number BEED
Item number C368 2022
100 1# - MAIN ENTRY--PERSONAL NAME
Personal name Cantanero, Ericka T.,
Relator term researcher.
245 10 - TITLE STATEMENT
Title Adjustments of the University of Rizal System Cainta faculty members and staff in utilizing digital platforms amidst the new normal /
Statement of responsibility, etc. Cantanero, Ericka T., Maagad, Rhenalyn, Mosada, Raven Mae P.
260 #1 - PUBLICATION, DISTRIBUTION, ETC.
Date of publication, distribution, etc. [2022]
300 ## - PHYSICAL DESCRIPTION
Extent xi, 63 leaves :
Other physical details color illustrations ;
Dimensions 28 cm
336 ## - CONTENT TYPE
Source rdacontent
Content type term text
337 ## - MEDIA TYPE
Source rdamedia
Media type term unmediated
338 ## - CARRIER TYPE
Source rdacarrier
Carrier type term volume
500 ## - GENERAL NOTE
General note Undergraduate thesis (Elementary Education) - University of Rizal System, Cainta 2022
504 ## - BIBLIOGRAPHY, ETC. NOTE
Bibliography, etc. note Includes bibliographical references.
520 ## - SUMMARY, ETC.
Summary, etc. "This study aimed to assess the Adjustments of the University of Rizal System Cainta Faculty Members and Staff in Utilizing Digital Platforms Amidst the New Normal. The study was conducted by the Bachelor of Elementary Education Major in Content Courses students at the University of Rizal System, Cainta Campus during the Academic Year 2021-2022. The main objective of the study was to VI determine the level of the Technology Acceptance Model in terms of usefulness accessibility and service." -- Abstract
524 ## - PREFERRED CITATION OF DESCRIBED MATERIALS NOTE
Preferred citation of described materials note Cantanero, E. T., Maagad, R. & Mosada, R. M. P. (2022). Adjustments of the University of Rizal System Cainta faculty members and staff in utilizing digital platforms amidst the new normal. University of Rizal System.
546 ## - LANGUAGE NOTE
Language note In English text.
650 #0 - SUBJECT ADDED ENTRY--TOPICAL TERM
Topical term or geographic name entry element Elementary Education
Form subdivision Thesis, Academic.
700 1# - ADDED ENTRY--PERSONAL NAME
Personal name Maagad, Rhenalyn,
Relator term researcher.
700 1# - ADDED ENTRY--PERSONAL NAME
Personal name Mosada, Raven Mae P.,
Relator term researcher.
856 ## - ELECTRONIC LOCATION AND ACCESS
Materials specified Online Request for Student Unpublished Works
Uniform Resource Identifier <a href="https://docs.google.com/forms/d/e/1FAIpQLSdtj_eCncT3hgTIbOB8g-3uMYPTK14UGxs8cj-GqWFJPmnTLA/viewform">https://docs.google.com/forms/d/e/1FAIpQLSdtj_eCncT3hgTIbOB8g-3uMYPTK14UGxs8cj-GqWFJPmnTLA/viewform</a>
856 ## - ELECTRONIC LOCATION AND ACCESS
Materials specified Click here to access online
Uniform Resource Identifier <a href="https://drive.google.com/file/d/1g9RwFtIaQvDhnkMNjlVMKOQAtk4HxSy-/view?usp=sharing">https://drive.google.com/file/d/1g9RwFtIaQvDhnkMNjlVMKOQAtk4HxSy-/view?usp=sharing</a>
942 ## - ADDED ENTRY ELEMENTS (KOHA)
Source of classification or shelving scheme Library of Congress Classification
Koha item type Theses and dissertations
Holdings
Withdrawn status Source of classification or shelving scheme Damaged status Not for loan Collection code Home library Current library Shelving location Date acquired Source of acquisition Total Checkouts Full call number Barcode Date last seen Copy number Price effective from Koha item type
  Library of Congress Classification     Non-fiction Cainta College Library Cainta College Library Undergraduate Theses 05/21/2024 Donation   BEED C368 2022 URSCAI-UGT0665 05/21/2024 c.1 05/21/2024 Theses and dissertations

University of Rizal System
Email us at univlibservices@urs.edu.ph

Visit our Website www.urs.edu.ph/library